[Event "Junior Online 4NCL Division 3"]
[Site "online"]
[Date "2021.10.14"]
[EventDate "2021.10.14"]
[Round "5.72"]
[White "Kovalev, Rostislav"]
[WhiteElo "1032"]
[WhiteTeam "Brentwood School B"]
[Black "Stevens, Tobias"]
[BlackElo "1468"]
[BlackTeam "Wanstead Warriors 1"]
[Result "1-0"]
[PlyCount "37"]

1. e4 e6 2. Nf3 d5 3. exd5 exd5 4. d4 Nf6 5. Bb5+ Bd7 6. Bxd7+ Qxd7 7. O-O Nc6 8. Nc3 O-O-O 9. Bg5 Be7 10. a4 Ne4 11. Bxe7 Qxe7 12. Nxe4 Qxe4 13. Re1 Qf4 14. a5 Rhe8 15. c3 Rxe1+ 16. Qxe1 Qd6 17. h3 a6 18. Ng5 Qh6 19. Nxf7 1-0

[Event "Junior Online 4NCL Division 3"]
[Site "online"]
[Date "2021.10.14"]
[EventDate "2021.10.14"]
[Round "5.74"]
[White "Kishore Kumar, Anushka"]
[WhiteElo "1087"]
[WhiteTeam "Brentwood School B"]
[Black "Ta, Duc"]
[BlackElo "1275"]
[BlackTeam "Wanstead Warriors 1"]
[Result "1-0"]
[PlyCount "147"]

1. e4 e6 2. Nf3 d5 3. exd5 exd5 4. Qe2+ Be6 5. Nc3 d4 6. Ne4 Nc6 7. g3 Bb4 8. Bg2 Nf6 9. Nxf6+ Qxf6 10. O-O O-O 11. c3 dxc3 12. dxc3 Ba5 13. Bd2 Rad8 14. b4 Bb6 15. Bg5 Qxc3 16. Bxd8 Bc4 17. Qd1 Bxf1 18. Qxf1 Rxd8 19. Rd1 Re8 20. Re1 Rxe1 21. Nxe1 Qxb4 22. Qe2 Kf8 23. Nd3 Qe7 24. Qd2 Ba5 25. Qd1 Qd6 26. Qf3 f6 27. h3 Ne5 28. Nxe5 Qxe5 29. Kh2 c6 30. Qa3+ Kf7 31. f4 Qe2 32. Qxa5 a6 33. Qc7+ Kg6 34. Qxb7 Qxa2 35. Qxc6 a5 36. Qe4+ Kf7 37. Qxh7 a4 38. Qh5+ Ke7 39. Qc5+ Kd7 40. Kh1 Qb1+ 41. Kh2 Qb2 42. Qa7+ Kd6 43. Qxa4 Kc5 44. Qc6+ Kd4 45. Qd7+ Ke3 46. Qe7+ Kd3 47. Qxg7 Qf2 48. Qd7+ Ke3 49. Qa7+ Ke2 50. Qa2+ Ke3 51. Qxf2+ Kxf2 52. h4 Ke3 53. h5 Kd4 54. h6 Kc5 55. h7 Kd6 56. h8=Q Ke7 57. g4 Kf7 58. Qh5+ Kg7 59. f5 Kf8 60. g5 Ke7 61. gxf6+ Kxf6 62. Qg6+ Ke7 63. f6+ Ke6 64. Bh3+ Kd6 65. Qe4 Kc7 66. Qd5 Kb8 67. Qc6 Ka7 68. Qb5 Ka8 69. Kg3 Ka7 70. Kf4 Ka8 71. Ke5 Ka7 72. Kd6 Ka8 73. Kc7 Ka7 74. Qb7# 1-0

[Event "Junior Online 4NCL Division 3"]
[Site "online"]
[Date "2021.10.14"]
[EventDate "2021.10.14"]
[Round "5.75"]
[White "Gohil, Shayan"]
[WhiteElo "1231"]
[WhiteTeam "Brentwood School B"]
[Black "Demetriou, Jay"]
[BlackElo "1519"]
[BlackTeam "Wanstead Warriors 1"]
[Result "0-1"]
[PlyCount "62"]

1. e4 c6 2. d4 d5 3. e5 Bf5 4. Nc3 e6 5. Nf3 Nd7 6. Be2 c5 7. O-O cxd4 8. Nxd4 Bg6 9. Bf4 Bc5 10. Re1 Ne7 11. Ndb5 Nf5 12. Bf3 Qb6 13. Rf1 a6 14. Nd6+ Nxd6 15. exd6 Bxd6 16. Na4 Qc7 17. Qd4 Bxf4 18. Qxg7 Be5 19. Qh6 O-O-O 20. c3 Qc6 21. Bd1 b5 22. b3 bxa4 23. bxa4 a5 24. Re1 Bxc3 25. Rc1 d4 26. Qf4 Qd5 27. a3 Rhg8 28. Qf3 Be4 29. Qh3 Bxg2 30. Qxh7 Bh3+ 31. Bg4 Qg2# 0-1

[Event "Junior Online 4NCL Division 3"]
[Site "online"]
[Date "2021.10.14"]
[EventDate "2021.10.14"]
[Round "5.76"]
[White "Stevens, Tobias"]
[WhiteElo "1468"]
[WhiteTeam "Wanstead Warriors 1"]
[Black "Kovalev, Rostislav"]
[BlackElo "1032"]
[BlackTeam "Brentwood School B"]
[Result "0-1"]
[PlyCount "50"]

1. e4 c5 2. Nf3 Nc6 3. Nc3 e6 4. d4 d5 5. Be3 Nf6 6. Bg5 h6 7. Bxf6 Qxf6 8. Be2 Be7 9. O-O cxd4 10. Nxd4 Nxd4 11. Qd2 Nxe2+ 12. Nxe2 O-O 13. exd5 exd5 14. Qxd5 Be6 15. Qxb7 Rfb8 16. Qc7 Rxb2 17. Qc3 Qxc3 18. Nxc3 Rxc2 19. Rac1 Rxc1 20. Rxc1 Bf6 21. a3 Bxc3 22. Rxc3 Rb8 23. g3 Bd5 24. h4 Rb1+ 25. Kh2 Rh1# 0-1

[Event "Junior Online 4NCL Division 3"]
[Site "online"]
[Date "2021.10.14"]
[EventDate "2021.10.14"]
[Round "5.78"]
[White "Ta, Duc"]
[WhiteElo "1275"]
[WhiteTeam "Wanstead Warriors 1"]
[Black "Kishore Kumar, Anushka"]
[BlackElo "1087"]
[BlackTeam "Brentwood School B"]
[Result "1-0"]
[PlyCount "75"]

1. d4 Nf6 2. c4 e6 3. Nc3 Be7 4. e4 O-O 5. Nf3 d5 6. cxd5 exd5 7. e5 Ne4 8. Nxe4 dxe4 9. Bf4 Nc6 10. Bc4 exf3 11. Qxf3 Nxd4 12. Qe4 Nc2+ 13. Qxc2 Bb4+ 14. Bd2 Bxd2+ 15. Qxd2 Qe7 16. Qe3 Qb4+ 17. Qc3 Qe7 18. Rd1 a6 19. f4 b5 20. Bd5 c6 21. Bxc6 Bb7 22. Rd7 Qh4+ 23. g3 Qg4 24. Rxb7 Qf5 25. Qf3 Qb1+ 26. Qd1 Qxb2 27. Qd3 Qc1+ 28. Qd1 Qxc6 29. Rd7 Qxh1+ 30. Ke2 Qxh2+ 31. Ke3 Qxg3+ 32. Ke4 Qg2+ 33. Ke3 Qxa2 34. Rd2 Qb3+ 35. Qxb3 a5 36. Rh2 a4 37. Qd3 a3 38. Qxh7# 1-0

[Event "Junior Online 4NCL Division 3"]
[Site "online"]
[Date "2021.10.14"]
[EventDate "2021.10.14"]
[Round "5.81"]
[White "Pipalia, Rishi"]
[WhiteElo "1310"]
[WhiteTeam "JHJ Shark Tank 7"]
[Black "Sanger, Jake M"]
[BlackElo "2343"]
[BlackTeam "Lenzie Basilisks"]
[Result "0-1"]
[PlyCount "68"]

1. e4 c5 2. c3 Nf6 3. d3 Nc6 4. Nf3 d6 5. Be2 e5 6. Nbd2 Be7 7. Nc4 b5 8. Ncd2 O-O 9. c4 b4 10. b3 Ne8 11. Bb2 f5 12. O-O f4 13. Qc2 g5 14. h3 Ng7 15. a3 h5 16. axb4 Nxb4 17. Qd1 Qe8 18. Ne1 Qg6 19. Bc3 Nc6 20. Nc2 Rb8 21. f3 Ne8 22. Rf2 Nf6 23. Nf1 Rf7 24. Rb1 g4 25. fxg4 hxg4 26. hxg4 Rh7 27. g3 Nxg4 28. Bxg4 Bxg4 29. Qd2 Bg5 30. Qe1 fxg3 31. Nxg3 Bf4 32. Rg2 Bf3 33. Rf2 Qxg3+ 34. Rg2 Qxg2# 0-1

[Event "Junior Online 4NCL Division 3"]
[Site "online"]
[Date "2021.10.14"]
[EventDate "2021.10.14"]
[Round "5.82"]
[White "Moroz, Michael"]
[WhiteElo "1388"]
[WhiteTeam "Lenzie Basilisks"]
[Black "Harb, Laith A"]
[BlackElo "1294"]
[BlackTeam "JHJ Shark Tank 7"]
[Result "1-0"]
[PlyCount "85"]

1. e4 c5 2. Nf3 d6 3. c3 Nf6 4. Be2 a6 5. O-O e6 6. d4 cxd4 7. cxd4 Be7 8. Nc3 b5 9. Be3 Bb7 10. Qc2 O-O 11. Bd3 Nbd7 12. e5 dxe5 13. dxe5 Nd5 14. Nxd5 Bxd5 15. Bxh7+ Kh8 16. Be4 Bxe4 17. Qxe4 Re8 18. Rfd1 Rf8 19. Qb7 Qc8 20. Rxd7 Qxb7 21. Rxb7 Bb4 22. Rd1 Rfd8 23. Rxd8+ Rxd8 24. h3 Rf8 25. a3 Ba5 26. b4 Bd8 27. Bc5 Rg8 28. Rxf7 Re8 29. Ra7 a5 30. bxa5 Rg8 31. Ra8 Bc7 32. Rxg8+ Kxg8 33. Bb6 Bxb6 34. axb6 Kf8 35. b7 Ke7 36. b8=Q g5 37. Qd6+ Kf7 38. Nxg5+ Kg6 39. Qxe6+ Kh5 40. Qg8 b4 41. Qg7 bxa3 42. g4+ Kh4 43. Qh6# 1-0

[Event "Junior Online 4NCL Division 3"]
[Site "online"]
[Date "2021.10.14"]
[EventDate "2021.10.14"]
[Round "5.83"]
[White "Bradshaw, Sam"]
[WhiteElo "1257"]
[WhiteTeam "JHJ Shark Tank 7"]
[Black "Marenduzzo, Ollie"]
[BlackElo "968"]
[BlackTeam "Lenzie Basilisks"]
[Result "0-1"]
[PlyCount "24"]

1. e4 d5 2. f3 dxe4 3. fxe4 e5 4. Nf3 Bg4 5. d3 Nc6 6. Bg5 Bxf3 7. Qxf3 Qxg5 8. Nd2 Nd4 9. Qd1 Bc5 10. Be2 Qxg2 11. Bf3 Nxf3+ 12. Nxf3 Qf2# 0-1

[Event "Junior Online 4NCL Division 3"]
[Site "online"]
[Date "2021.10.14"]
[EventDate "2021.10.14"]
[Round "5.84"]
[White "Lukhi, Neev"]
[WhiteElo "1003"]
[WhiteTeam "Lenzie Basilisks"]
[Black "Patel, Taran"]
[BlackElo "1255"]
[BlackTeam "JHJ Shark Tank 7"]
[Result "1-0"]
[PlyCount "111"]

1. e4 d5 2. exd5 Nf6 3. d4 c6 4. dxc6 Nxc6 5. Nf3 Bg4 6. c3 Qd5 7. Be2 e6 8. h3 Bh5 9. O-O Bd6 10. Na3 O-O 11. Nb5 Bxf3 12. gxf3 Bb8 13. Kh1 Qh5 14. Kg2 Nd5 15. f4 Qg6+ 16. Kh1 Qh6 17. Bg4 f5 18. Bxf5 exf5 19. Qf3 Nxf4 20. Bxf4 Bxf4 21. Rg1 Ne7 22. Rae1 Nd5 23. Qxd5+ Kh8 24. Qf3 a6 25. Nc7 Bxc7 26. Re7 Qd6 27. Re5 Rae8 28. Qg3 Qf6 29. Rxf5 Bxg3 30. Rxf6 Rxf6 31. Rxg3 Re1+ 32. Kg2 Re2 33. Rf3 Rxf3 34. Kxf3 Rxb2 35. d5 Rxa2 36. Ke3 Ra5 37. c4 Rc5 38. Kd4 Rc8 39. c5 a5 40. d6 a4 41. Kc4 b6 42. d7 Rd8 43. c6 b5+ 44. Kb4 Rf8 45. c7 Rf4+ 46. Kxb5 h6 47. d8=Q+ Kh7 48. Qd3+ g6 49. Qd7+ Kg8 50. c8=Q+ Rf8 51. Qe6+ Kg7 52. Qe7+ Rf7 53. Qe5+ Rf6 54. Qcc7+ Kg8 55. Qxf6 a3 56. Qcg7# 1-0

[Event "Junior Online 4NCL Division 3"]
[Site "online"]
[Date "2021.10.14"]
[EventDate "2021.10.14"]
[Round "5.85"]
[White "Sanger, Jake M"]
[WhiteElo "2343"]
[WhiteTeam "Lenzie Basilisks"]
[Black "Pipalia, Rishi"]
[BlackElo "1310"]
[BlackTeam "JHJ Shark Tank 7"]
[Result "1-0"]
[PlyCount "65"]

1. d4 e5 2. dxe5 Nc6 3. Nf3 Qe7 4. Bf4 Qb4+ 5. Nc3 Qxb2 6. Nd5 Nb4 7. Nxb4 Qxb4+ 8. Bd2 Qb2 9. e4 Bb4 10. Bc4 Bxd2+ 11. Nxd2 Qxe5 12. O-O Nf6 13. f4 Qd4+ 14. Kh1 d6 15. c3 Qxc3 16. Rc1 Qd4 17. Qa4+ Bd7 18. Bxf7+ Kxf7 19. Qxd4 Rae8 20. e5 dxe5 21. fxe5 Rxe5 22. Qxe5 Re8 23. Qh5+ g6 24. Qxh7+ Ke6 25. Rce1+ Kd6 26. Rxf6+ Re6 27. Rfxe6+ Bxe6 28. Qxg6 Kc5 29. Qxe6 Kb5 30. Qc4+ Kb6 31. Nb3 c6 32. Re7 a6 33. Qc5# 1-0

[Event "Junior Online 4NCL Division 3"]
[Site "online"]
[Date "2021.10.14"]
[EventDate "2021.10.14"]
[Round "5.86"]
[White "Harb, Laith A"]
[WhiteElo "1294"]
[WhiteTeam "JHJ Shark Tank 7"]
[Black "Moroz, Michael"]
[BlackElo "1388"]
[BlackTeam "Lenzie Basilisks"]
[Result "1-0"]
[PlyCount "139"]

1. d4 d5 2. c4 e6 3. a3 Nf6 4. Nc3 Be7 5. Bg5 O-O 6. Nf3 b6 7. e3 Bb7 8. Bd3 Nbd7 9. O-O c5 10. cxd5 Nxd5 11. Bxe7 Qxe7 12. Qc2 h6 13. Be4 N7f6 14. Nxd5 Bxd5 15. Bxd5 Nxd5 16. Rac1 cxd4 17. Nxd4 Qd7 18. h3 Rac8 19. Qe2 Rxc1 20. Rxc1 Rc8 21. Rxc8+ Qxc8 22. Qd2 Qc4 23. Qd1 a5 24. Qc2 b5 25. Qxc4 bxc4 26. Kf1 Kf8 27. Ke2 Ke7 28. Kd2 Kd6 29. Kc2 Kc5 30. Nf3 a4 31. Ne5 f6 32. Nf3 e5 33. Ne1 f5 34. Nf3 e4 35. Ne5 f4 36. exf4 Nxf4 37. g3 Nxh3 38. f3 exf3 39. Nxf3 Nf2 40. Ne5 Ne4 41. g4 g5 42. Nf7 Nf2 43. Nxh6 Kd5 44. Nf7 Nxg4 45. Nxg5 Ne3+ 46. Kc3 Nd1+ 47. Kc2 Ne3+ 48. Kc3 Nd1+ 49. Kc2 Nf2 50. Kc3 Ne4+ 51. Nxe4 Kxe4 52. Kxc4 Ke5 53. Kb4 Kd6 54. Kxa4 Kc6 55. Kb4 Kb6 56. a4 Ka6 57. b3 Kb6 58. Ka3 Ka6 59. b4 Kb6 60. Kb3 Ka6 61. Kc4 Kb6 62. b5 Kb7 63. Kc5 Kc7 64. a5 Kb7 65. a6+ Ka7 66. b6+ Ka8 67. b7+ Ka7 68. Kc6 Kb8 69. a7+ Kxa7 70. Kc7 1-0

[Event "Junior Online 4NCL Division 3"]
[Site "online"]
[Date "2021.10.14"]
[EventDate "2021.10.14"]
[Round "5.87"]
[White "Marenduzzo, Ollie"]
[WhiteElo "968"]
[WhiteTeam "Lenzie Basilisks"]
[Black "Bradshaw, Sam"]
[BlackElo "1257"]
[BlackTeam "JHJ Shark Tank 7"]
[Result "1-0"]
[PlyCount "93"]

1. e4 e6 2. d4 d5 3. Nd2 Nf6 4. e5 Nfd7 5. Ngf3 c5 6. c3 c4 7. b3 cxb3 8. Qxb3 f5 9. Bd3 Be7 10. O-O O-O 11. c4 dxc4 12. Bxc4 Kh8 13. Bxe6 Nb6 14. Bxc8 Qxc8 15. Ba3 Bxa3 16. Qxa3 Nc6 17. Rac1 Qe6 18. Ng5 Qg6 19. Ndf3 Nxd4 20. Nxd4 Qxg5 21. Ne6 Qg4 22. Nxf8 h6 23. h3 Qg5 24. Qd6 Qxc1 25. Rxc1 Nc8 26. Qd8 Nb6 27. Qe7 Nd5 28. Qxb7 Nb6 29. Rc6 Rxf8 30. Qxa7 Nd5 31. Rg6 Rg8 32. Qc5 Nf4 33. Rc6 Kh7 34. Rc8 Ne2+ 35. Kh2 Rxc8 36. Qxc8 Nf4 37. e6 Nxe6 38. Qxe6 f4 39. Qf5+ Kh8 40. Qxf4 Kh7 41. a4 Kh8 42. a5 Kh7 43. a6 Kh8 44. a7 Kh7 45. Qf5+ g6 46. Qf7+ Kh8 47. a8=R# 1-0

[Event "Junior Online 4NCL Division 3"]
[Site "online"]
[Date "2021.10.14"]
[EventDate "2021.10.14"]
[Round "5.88"]
[White "Patel, Taran"]
[WhiteElo "1255"]
[WhiteTeam "JHJ Shark Tank 7"]
[Black "Lukhi, Neev"]
[BlackElo "1003"]
[BlackTeam "Lenzie Basilisks"]
[Result "1-0"]
[PlyCount "97"]

1. d4 Nf6 2. c4 g6 3. Nc3 Bg7 4. e4 d6 5. f4 O-O 6. Bd3 Bg4 7. Nf3 Nc6 8. Be3 e5 9. d5 Nd4 10. Bxd4 exd4 11. Nb5 Re8 12. Qe2 c6 13. Nbxd4 cxd5 14. cxd5 Nxd5 15. Qd2 Bxd4 16. Nxd4 Qb6 17. Nb3 Qb4 18. Qxb4 Nxb4 19. O-O Nxd3 20. Nd2 Rac8 21. h3 Bd7 22. Rf3 Bb5 23. Rg3 Rc2 24. Nf3 Nxf4 25. Nd4 Rc4 26. Nxb5 Ne2+ 27. Kh2 Rb4 28. Nxd6 Rd8 29. Re3 Rxb2 30. e5 Nf4 31. Rg1 b6 32. Rf3 Ne6 33. Nxf7 Rf8 34. Rgf1 Rxa2 35. Rf6 Nd4 36. Nh6+ Kg7 37. Rxf8 Kxh6 38. R8f4 Nf5 39. e6 a5 40. Re1 Kg5 41. Rxf5+ gxf5 42. e7 f4 43. e8=Q f3 44. Qg8+ Kh6 45. Qxa2 f2 46. Qxf2 b5 47. Re6+ Kh5 48. Qf5+ Kh4 49. Re4# 1-0

[Event "Junior Online 4NCL Division 3"]
[Site "online"]
[Date "2021.10.14"]
[EventDate "2021.10.14"]
[Round "5.91"]
[White "Biswas, Snigdha"]
[WhiteElo "548"]
[WhiteTeam "East Kilbride Rooks"]
[Black "Bharat Kumar, Balahari"]
[BlackElo "1489"]
[BlackTeam "Desert Penguins Saturn"]
[Result "0-1"]
[PlyCount "78"]

1. e4 c5 2. Nf3 d6 3. Nc3 Nf6 4. e5 dxe5 5. Nxe5 a6 6. Bc4 e6 7. a4 Be7 8. d3 O-O 9. Be3 Qc7 10. Bf4 Bd6 11. g3 Bxe5 12. Bxe5 Qxe5+ 13. Qe2 Qxe2+ 14. Nxe2 Nc6 15. O-O-O Ng4 16. d4 Nxf2 17. Rhe1 Nxd1 18. Rxd1 Rd8 19. d5 Ne7 20. Nf4 exd5 21. Bxd5 Nxd5 22. Nxd5 Be6 23. Ne7+ Kf8 24. Rxd8+ Rxd8 25. Nf5 Bxf5 26. Kb1 Rd1+ 27. Ka2 Bxc2 28. a5 c4 29. b3 cxb3+ 30. Kb2 Rb1+ 31. Kc3 Bg6 32. h4 b2 33. Kb3 Ke7 34. Ka2 Kd6 35. g4 Kc5 36. h5 Be4 37. g5 Kc4 38. g6 Kc3 39. gxh7 Ra1# 0-1

[Event "Junior Online 4NCL Division 3"]
[Site "online"]
[Date "2021.10.14"]
[EventDate "2021.10.14"]
[Round "5.92"]
[White "Longia-Zaidi, Ismail"]
[WhiteElo "1317"]
[WhiteTeam "Desert Penguins Saturn"]
[Black "Narasimhan, Srivathsan"]
[BlackElo "501"]
[BlackTeam "East Kilbride Rooks"]
[Result "1-0"]
[PlyCount "51"]

1. d4 d5 2. c4 Nf6 3. cxd5 Nxd5 4. e4 Nf6 5. e5 Ne4 6. Nc3 Bf5 7. Bd3 e6 8. Bxe4 Bxe4 9. Nxe4 Nc6 10. Nf3 f5 11. Nc3 Qd7 12. O-O O-O-O 13. Bg5 Be7 14. Bxe7 Nxe7 15. Qe2 Nd5 16. Nxd5 Qxd5 17. Rfd1 h6 18. Qc2 g5 19. Rac1 c6 20. Qa4 g4 21. Nd2 h5 22. Nb3 h4 23. Na5 b5 24. Qb3 Qe4 25. Rxc6+ Kd7 26. Qxe6# 1-0

[Event "Junior Online 4NCL Division 3"]
[Site "online"]
[Date "2021.10.14"]
[EventDate "2021.10.14"]
[Round "5.93"]
[White "Vinodh, Sampriti"]
[WhiteElo "336"]
[WhiteTeam "East Kilbride Rooks"]
[Black "Dane, Antony"]
[BlackElo "1361"]
[BlackTeam "Desert Penguins Saturn"]
[Result "0-1"]
[PlyCount "64"]

1. e4 c5 2. Nc3 d6 3. Nf3 Nf6 4. Bc4 a6 5. d3 e6 6. Bg5 Be7 7. Qe2 b5 8. Bb3 Bb7 9. Bxf6 Bxf6 10. O-O Nd7 11. a3 Qc7 12. Ba2 O-O 13. b4 Bxc3 14. Rab1 cxb4 15. axb4 Rac8 16. Rb3 Bf6 17. c4 bxc4 18. dxc4 Qxc4 19. Qxc4 Rxc4 20. Re1 Rxe4 21. Rxe4 Bxe4 22. Re3 Bg6 23. h3 Ne5 24. Nd4 Rc8 25. Ra3 Nc6 26. Nxc6 Rxc6 27. Bb3 Be5 28. Ra1 Bxa1 29. g4 Be4 30. Kh2 Be5+ 31. Kg1 Rc1+ 32. Bd1 Rxd1# 0-1

[Event "Junior Online 4NCL Division 3"]
[Site "online"]
[Date "2021.10.14"]
[EventDate "2021.10.14"]
[Round "5.95"]
[White "Bharat Kumar, Balahari"]
[WhiteElo "1489"]
[WhiteTeam "Desert Penguins Saturn"]
[Black "Biswas, Snigdha"]
[BlackElo "548"]
[BlackTeam "East Kilbride Rooks"]
[Result "1-0"]
[PlyCount "61"]

1. d4 d5 2. c4 Nf6 3. cxd5 Nxd5 4. e4 Nf6 5. Nc3 Nc6 6. Be3 e5 7. d5 Nd4 8. Bxd4 exd4 9. Qxd4 Be7 10. Nf3 c5 11. dxc6 bxc6 12. Qxd8+ Bxd8 13. Bc4 Ba5 14. Ne5 Nxe4 15. Nxc6 Nxc3 16. Nxa5 Ne4 17. Bd5 Nf6 18. Bxa8 O-O 19. O-O h6 20. Bf3 Ba6 21. Rfe1 Bd3 22. Rad1 Bc2 23. Rc1 Bd3 24. Rc7 Bg6 25. Rxa7 Rb8 26. Ra8 Rxa8 27. Bxa8 Nd5 28. Bxd5 Bh5 29. b4 Kf8 30. Bc6 Bg6 31. Re8# 1-0

[Event "Junior Online 4NCL Division 3"]
[Site "online"]
[Date "2021.10.14"]
[EventDate "2021.10.14"]
[Round "5.96"]
[White "Narasimhan, Srivathsan"]
[WhiteElo "501"]
[WhiteTeam "East Kilbride Rooks"]
[Black "Longia-Zaidi, Ismail"]
[BlackElo "1317"]
[BlackTeam "Desert Penguins Saturn"]
[Result "0-1"]
[PlyCount "50"]

1. e4 c5 2. Nc3 a6 3. Nf3 d6 4. d4 cxd4 5. Nxd4 Nf6 6. Bc4 e6 7. Bg5 Be7 8. O-O O-O 9. Qe2 h6 10. Bxf6 Bxf6 11. Rad1 b5 12. Bb3 Bb7 13. e5 Bxe5 14. Nf3 Bf6 15. a4 b4 16. Ne4 Be7 17. Ba2 Qc7 18. Bb1 Nd7 19. c3 bxc3 20. bxc3 Nf6 21. Nxf6+ Bxf6 22. Qd3 g6 23. g3 Qxc3 24. Ne1 Qc6 25. h4 Qh1# 0-1

[Event "Junior Online 4NCL Division 3"]
[Site "online"]
[Date "2021.10.14"]
[EventDate "2021.10.14"]
[Round "5.97"]
[White "Dane, Antony"]
[WhiteElo "1361"]
[WhiteTeam "Desert Penguins Saturn"]
[Black "Vinodh, Sampriti"]
[BlackElo "336"]
[BlackTeam "East Kilbride Rooks"]
[Result "1-0"]
[PlyCount "63"]

1. d4 d5 2. c4 dxc4 3. e3 Nc6 4. Bxc4 Nf6 5. Nf3 Bg4 6. Nc3 e6 7. Be2 Bb4 8. O-O Bxc3 9. bxc3 Bxf3 10. Bxf3 Nd5 11. c4 Nb6 12. Bxc6+ bxc6 13. Qf3 O-O 14. Qxc6 Rb8 15. Ba3 Re8 16. Rfc1 a5 17. Qf3 Na4 18. Qc6 Nb6 19. Rab1 Nxc4 20. Qxc4 Rxb1 21. Rxb1 Qa8 22. Qxc7 Qa6 23. Rb8 h6 24. Rxe8+ Kh7 25. Qxf7 Qd3 26. g3 Qd1+ 27. Kg2 Qg4 28. Bf8 Qg5 29. Re7 Qg4 30. Bxg7 Qg5 31. Bf8+ Kh8 32. Qh7# 1-0

[Event "Junior Online 4NCL Division 3"]
[Site "online"]
[Date "2021.10.14"]
[EventDate "2021.10.14"]
[Round "5.101"]
[White "Groot Wassink, Emma"]
[WhiteElo "1384"]
[WhiteTeam "JHJ Shark Tank 6"]
[Black "Spitz, Danny"]
[BlackElo "1370"]
[BlackTeam "Coldfall Bishops"]
[Result "1-0"]
[PlyCount "75"]

1. e4 b6 2. Nc3 Bb7 3. Nf3 Nc6 4. d4 e6 5. a3 d5 6. e5 g6 7. Bb5 Bg7 8. Qe2 Ne7 9. O-O O-O 10. Be3 a6 11. Bd3 Nf5 12. Bxf5 exf5 13. h3 Re8 14. Qd2 Qe7 15. Bg5 Qd7 16. Bf6 b5 17. Rfe1 Na5 18. b3 Rac8 19. Ng5 c5 20. Ne2 Qc6 21. Qxa5 c4 22. Qc3 Bxf6 23. exf6 Qxf6 24. Nf3 cxb3 25. Qxb3 Rc7 26. Nf4 Rec8 27. Rac1 Rc3 28. Qb2 g5 29. Nh5 Qg6 30. Ng3 g4 31. hxg4 fxg4 32. Ne5 Qh6 33. Nxg4 Qh4 34. Ne3 Qxd4 35. Nef5 Qd2 36. Ne7+ Kf8 37. Nxc8 Bxc8 38. Red1 1-0

[Event "Junior Online 4NCL Division 3"]
[Site "online"]
[Date "2021.10.14"]
[EventDate "2021.10.14"]
[Round "5.102"]
[White "Haga, Xander"]
[WhiteElo "1175"]
[WhiteTeam "Coldfall Bishops"]
[Black "Stehlin, Nathan"]
[BlackElo "1370"]
[BlackTeam "JHJ Shark Tank 6"]
[Result "1-0"]
[PlyCount "145"]

1. e4 c5 2. Nf3 e6 3. d4 d5 4. exd5 exd5 5. c4 Nf6 6. Nc3 dxc4 7. Bxc4 Bg4 8. Be3 Nc6 9. dxc5 Qxd1+ 10. Rxd1 Bxf3 11. gxf3 Nd7 12. Ne4 f5 13. Ng5 h6 14. Nf7 Rh7 15. Nd6+ Bxd6 16. cxd6 O-O-O 17. Be6 g5 18. Bxf5 Rf7 19. Bg4 Re8 20. O-O Ne5 21. Kg2 Ref8 22. Rfe1 Nxf3 23. Bxf3 Rxf3 24. Rc1+ Kb8 25. Rc7 Nb6 26. Rh7 R3f6 27. Rd1 Nc4 28. d7 Nxe3+ 29. fxe3 Rd8 30. e4 Re6 31. Kf3 Rf6+ 32. Ke3 Re6 33. Rd5 Kc7 34. e5 Kc6 35. Ke4 b6 36. b4 Kc7 37. Kf5 Rc6 38. e6 Rf8+ 39. Ke5 Rd8 40. Rxh6 g4 41. Rg6 Rh8 42. Rxg4 Rh5+ 43. Kf6 Rxd5 44. Rg7 Rdd6 45. Re7 Rc2 46. Re8 Rf2+ 47. Ke7 Rxh2 48. Rc8+ Kb7 49. Kxd6 Rd2+ 50. Ke7 a5 51. d8=Q Rxd8 52. Rxd8 axb4 53. Kd7 b3 54. axb3 b5 55. e7 b4 56. e8=Q Ka7 57. Qe3+ Kb7 58. Qe4+ Ka7 59. Qd4+ Kb7 60. Qd5+ Ka7 61. Qa5+ Kb7 62. Qxb4+ Ka7 63. Qc5+ Kb7 64. Qc7+ Ka6 65. Ra8+ Kb5 66. Qb7+ Kc5 67. Ra5+ Kd4 68. Qb4+ Kd3 69. Rd5+ Kc2 70. Qc4+ Kb2 71. Rd2+ Ka3 72. b4 Ka4 73. Ra2# 1-0

[Event "Junior Online 4NCL Division 3"]
[Site "online"]
[Date "2021.10.14"]
[EventDate "2021.10.14"]
[Round "5.103"]
[White "Agbota, Fenu"]
[WhiteElo "1300"]
[WhiteTeam "JHJ Shark Tank 6"]
[Black "Haga, Viktor"]
[BlackElo "1173"]
[BlackTeam "Coldfall Bishops"]
[Result "1-0"]
[PlyCount "69"]

1. e4 e5 2. Nf3 Nc6 3. d4 exd4 4. Bc4 Nf6 5. e5 Ng4 6. O-O Bc5 7. h3 Ngxe5 8. Nxe5 Nxe5 9. Re1 d6 10. f4 d3+ 11. Kh1 Bf2 12. Rf1 Nxc4 13. Rxf2 dxc2 14. Qxc2 Be6 15. f5 Bd5 16. Re2+ Ne5 17. Bf4 O-O 18. Bxe5 dxe5 19. Nc3 Re8 20. Rd2 c6 21. Rf1 f6 22. Re1 Qd6 23. Re3 Qc5 24. Rg3 b5 25. Qd1 Red8 26. Ne4 Qc4 27. Nxf6+ Kf7 28. Nxd5 Rxd5 29. Qh5+ Kg8 30. Rxd5 cxd5 31. f6 g6 32. Rxg6+ hxg6 33. Qxg6+ Kf8 34. Qg7+ Ke8 35. Qe7# 1-0

[Event "Junior Online 4NCL Division 3"]
[Site "online"]
[Date "2021.10.14"]
[EventDate "2021.10.14"]
[Round "5.104"]
[White "Agasee, Emilio"]
[WhiteElo "1191"]
[WhiteTeam "Coldfall Bishops"]
[Black "Nilim, Armaan"]
[BlackElo "1327"]
[BlackTeam "JHJ Shark Tank 6"]
[Result "0-1"]
[PlyCount "28"]

1. e4 e5 2. Nf3 Nc6 3. Nc3 Nf6 4. d4 exd4 5. Nxd4 Bb4 6. Nxc6 bxc6 7. Bd2 O-O 8. Bc4 Re8 9. Qf3 d5 10. Bd3 dxe4 11. Bxe4 Nxe4 12. Qf4 Nxd2+ 13. Kd1 Nb3+ 14. Qd2 Qxd2# 0-1

[Event "Junior Online 4NCL Division 3"]
[Site "online"]
[Date "2021.10.14"]
[EventDate "2021.10.14"]
[Round "5.105"]
[White "Spitz, Danny"]
[WhiteElo "1370"]
[WhiteTeam "Coldfall Bishops"]
[Black "Groot Wassink, Emma"]
[BlackElo "1384"]
[BlackTeam "JHJ Shark Tank 6"]
[Result "0-1"]
[PlyCount "74"]

1. e4 e5 2. Nf3 Nc6 3. Bc4 Bc5 4. c3 Nf6 5. d3 h6 6. Be3 Bb6 7. Bxb6 axb6 8. Nbd2 d6 9. d4 exd4 10. cxd4 Bg4 11. Bb5 O-O 12. O-O Nxd4 13. Be2 Nxf3+ 14. Nxf3 Nxe4 15. h3 Bh5 16. Qd5 Bxf3 17. Bxf3 Nc5 18. Rfe1 c6 19. Qh5 Qf6 20. b4 Nd3 21. Red1 Nxb4 22. Rab1 Nxa2 23. Rxb6 Rab8 24. Rdb1 Nc3 25. R1b3 Nb5 26. Be4 d5 27. Bd3 Nd4 28. R3b4 Ne6 29. Rg4 Nc5 30. Bf5 Rfe8 31. Rbb4 Re1+ 32. Kh2 Re2 33. Rgf4 Qd6 34. Qxe2 g5 35. Qg4 Kh8 36. Qh5 gxf4 37. Qxh6+ Qxh6 0-1

[Event "Junior Online 4NCL Division 3"]
[Site "online"]
[Date "2021.10.14"]
[EventDate "2021.10.14"]
[Round "5.106"]
[White "Stehlin, Nathan"]
[WhiteElo "1370"]
[WhiteTeam "JHJ Shark Tank 6"]
[Black "Haga, Xander"]
[BlackElo "1175"]
[BlackTeam "Coldfall Bishops"]
[Result "0-1"]
[PlyCount "116"]

1. c4 e6 2. d4 Nf6 3. Nc3 Bb4 4. a3 Bxc3+ 5. bxc3 O-O 6. Bg5 h6 7. Bh4 d5 8. Nf3 dxc4 9. e4 e5 10. dxe5 Qxd1+ 11. Rxd1 Nxe4 12. Bxc4 Nxc3 13. Rd3 Na4 14. O-O Nb2 15. Rc3 Nxc4 16. Rxc4 Be6 17. Rxc7 b6 18. Nd4 Na6 19. Nxe6 Nxc7 20. Nxf8 Kxf8 21. Rc1 Ne6 22. h3 g5 23. Bg3 Nd4 24. Rd1 Ne2+ 25. Kh2 Re8 26. Rd7 a5 27. Rb7 Re6 28. a4 Nc3 29. f3 Nxa4 30. Be1 Nc5 31. Rb8+ Kg7 32. Rc8 Rxe5 33. Rc6 Rxe1 34. Rxb6 a4 35. Rc6 Nb3 36. Ra6 Ra1 37. Kg3 a3 38. Kf2 a2 39. Ke3 Re1+ 40. Kf2 a1=Q 41. Rxa1 Rxa1 42. Kg3 f5 43. h4 gxh4+ 44. Kxh4 Kg6 45. Kg3 Nd2 46. Kh3 h5 47. Kg3 Ra3 48. Kh3 Kg5 49. Kg3 h4+ 50. Kh3 Nxf3 51. gxf3 Rxf3+ 52. Kg2 Rg3+ 53. Kh2 f4 54. Kh1 f3 55. Kh2 f2 56. Kh1 f1=Q+ 57. Kh2 Qf2+ 58. Kh1 Rg1# 0-1

[Event "Junior Online 4NCL Division 3"]
[Site "online"]
[Date "2021.10.14"]
[EventDate "2021.10.14"]
[Round "5.107"]
[White "Haga, Viktor"]
[WhiteElo "1173"]
[WhiteTeam "Coldfall Bishops"]
[Black "Agbota, Fenu"]
[BlackElo "1300"]
[BlackTeam "JHJ Shark Tank 6"]
[Result "0-1"]
[PlyCount "44"]

1. e4 c6 2. d4 d5 3. e5 Bf5 4. Nc3 e6 5. Nf3 Bb4 6. Bg5 Ne7 7. Bd2 Bxc3 8. Bxc3 Nd7 9. Bd3 Bg6 10. Nh4 Nxe5 11. dxe5 d4 12. Bxg6 hxg6 13. Bb4 Rxh4 14. Qd3 Nd5 15. Bc5 Nf4 16. Qg3 Qa5+ 17. b4 Qb5 18. O-O-O Ne2+ 19. Kd2 Nxg3 20. fxg3 Re4 21. Rdf1 Re2+ 22. Kc1 Qc4 0-1